01405 a2200169 45000010006000000050017000060080041000230030015000640400040000790800058001192450098001772640060002753000019003355050830003540410008011841000043011925778820260407155838.0260407a1986 arg spa dAR-UNSa-BCEJYS aAR-UNSa-BCEJYSbspacAR-UNSa-BCEJYS a665.5xAceites Esenciales. Perfumería. Cosméticos10aAceites esenciales y oleorresinaspestudio de distintos productores y de mercados importantes 1aGinegra :bCCI (Centro de Comercio Internacional)c1986 a222 p.c21 cm. aParte I: Monografías sobre determinados aceites esenciales y oleorresinas de especias: 1. Aceites esenciales – 2. Oleorresinas de especias – Parte II: Examen de algunos países / zonas productores: 1. Brasil – 2. China – 3. Comoras – 4. Egipto – 5. Europa – 6. Guinea – 7. Haití – 8. India – 9. Indonesia – 10. Malawi – 11. México – 12. Marruecos – 13. Pakistán – 14. Paraguay – 15. Perú – 16. Singapur – 17. Sri Lanka – 18. Tailandia – 19. Republica unida de Tanzania – Parte III: Examen de mercados importantes para aceites esenciales y oleorresinas de especias: 1. América del Norte – 2. Europa occidental – 3. Japón – Parte IV: Estructura y procedimientos comerciales: 1. La estructura básica – 2. Envasado – 3. Aspectos institucionales y legislativos  aspa1 aCentro de Comercio Internacional (CCI)